000 00435nam a2200181Ia 4500
005 20250423100558.0
008 250422s9999 xx 000 0 und d
020 _a047155863X
050 _aQA 76.73.C153 .F52/
100 _aBryan Flamig
245 0 _aPractical and Data Structures in C++
260 _aNew York
260 _bJohn Wiley & Sons
260 _c1993
300 _a436 p
650 _aData Structures
942 _cBK
999 _c33735
_d33735